000 00184nam a22000977a 4500
020 _aJ02311
100 _aBernard shaww ,G.
245 _aArms and Man
300 _a912
942 _2ddc
_cST
999 _c4129
_d4129